Konkurencieschopnosť podnikov v etape oživovania globálnych trhov zborník abstraktov z vedeckého seminára KPH : 4.-6. jún 2015 Horný Smokovec
Saved in:
| Corporate Authors: | , |
|---|---|
| Other Authors: | , , , , |
| Format: | Book |
| Language: | Slovak |
| Published: |
Bratislava
Vydavateľstvo EKONÓM
2015
|
| Edition: | 1. vyd. |
| Subjects: | |
| Tags: |
No Tags, Be the first to tag this record!
|
MARC
| LEADER | 00000nlm a2200000 4500 | ||
|---|---|---|---|
| 001 | 0206842 | ||
| 005 | 20240502073431.9 | ||
| 020 | |a 978-80-225-4115-2 | ||
| 041 | 0 | |a slo | |
| 044 | |a SK | ||
| 245 | 1 | 0 | |a Konkurencieschopnosť podnikov v etape oživovania globálnych trhov |b zborník abstraktov z vedeckého seminára KPH : 4.-6. jún 2015 Horný Smokovec |c redakčné a zostavovateľské práce: Nora Grisáková, Jakub Kintler, Iveta Kufelová, Peter Štetka, Eleonora Fendeková |
| 250 | |a 1. vyd. | ||
| 264 | 1 | |a Bratislava |b Vydavateľstvo EKONÓM |c 2015 | |
| 300 | |a CD-ROM [56 s., 3,34 AH] | ||
| 610 | 2 | 0 | |a konkurencieschopnosť |
| 610 | 2 | 0 | |a podnik |
| 610 | 2 | 0 | |a trh |
| 610 | 2 | 0 | |a globalizácia hospodárstva |
| 700 | 1 | |a Grisáková, Nora, 1978- | |
| 700 | 1 | |a Kintler, Jakub, 1979- | |
| 700 | 1 | |a Kufelová, Iveta, 1970- | |
| 700 | 1 | |a Štetka, Peter, 1986- | |
| 700 | 1 | |a Fendeková, Eleonora, 1952- | |
| 110 | 2 | |a Konkurencieschopnosť podnikov v etape oživovania globálnych trhov. Vedecký seminár | |
| 710 | 2 | |a Fakulta podnikového manažmentu EU. Katedra podnikovohospodárska | |